=LDR 00000nam 2200000 4500 =001 INLIS000000000016501 =005 20130612111804 =008 ***********************************Ind** =035 ##$$0010-061300000016501 =041 ##$$a Ind =082 ##$$a 028.5 =090 ##$$a 028.5, War a =100 ##$$a Wardhana, Eka =245 ##$$a Aku anak hebat, Eka Wardhana =260 ##$$a 2003 $b Bandung =300 ##$$a 23 hlm, ilus, 17 cm =650 ##$$a Bacaan anak-anak =850 ##$$a NBPNMAT